| 000 | 01403cam a22003857a 4500 | ||
|---|---|---|---|
| 003 | CHAP | ||
| 005 | 20220329133645.0 | ||
| 008 | 971013s1980 r 00010 d | ||
| 010 | _a9129 | ||
| 011 | _a10101 | ||
| 035 | _a9338 | ||
| 040 | _cCHAP | ||
| 082 |
_a660 _bG57 1980 |
||
| 100 | 0 | 0 |
_aGiral, José. _948114 |
| 245 | 0 |
_aTecnología apropiada _b: selección, negociación, transferencia y adaptación en las industrias química y metalmecánica |
|
| 250 | _a2 ed. | ||
| 260 |
_aMexico, D. F. : _bAlhambra, _c1980 |
||
| 300 | _a175 p. | ||
| 590 |
_aBATCH-UPD _b10 _c20130110 _lUCH01 _h0029 |
||
| 590 |
_aBATCH-UPD _b10 _c20130110 _lUCH01 _h1101 |
||
| 590 |
_aBATCH-UPD _b10 _c20130409 _lUCH01 _h2011 |
||
| 590 |
_aBATCH-UPD _b10 _c20130410 _lUCH01 _h0654 |
||
| 590 |
_aBATCH-UPD _b10 _c20130914 _lUCH01 _h1548 |
||
| 590 |
_aCONVERSION _b10 _c20130109 _lUCH01 _h1306 |
||
| 650 | 1 | 4 |
_aQuímica _xTecnología. _993574 |
| 650 | 1 | 4 |
_aTecnología _xEstudio y enseñanza. _9111945 |
| 650 | 1 | 4 |
_aTransferencia de tecnología. _9114619 |
| 700 | 0 |
_aGonzález, Sergio. _949544 |
|
| 901 | _aBK | ||
| 942 | _cLIBRO | ||
| 949 |
_a660 G57 1980 _bBC _cLIBRO _d33724000902821 _eLIBRO _h77717 _i9338 _si _t13.87 |
||
| 949 |
_a660 G57 1980 _bIA _cLIBRO _d-7269 _eLIBRO _fA. 3603-05 _i9338 _si |
||
| 949 |
_a660 G67 1980 _bMA _cLIBRO _d-1550 _eLIBRO _h1438 _i9338 _si |
||
| 949 |
_a660 G67 1980 _bMA _cLIBRO _d-49917 _eLIBRO _fc.2 _h1439 _i9338 _si |
||
| 999 |
_c9129 _d9129 |
||